000 00521nam a2200205Ia 4500
005 20250425161723.0
008 250425s9999 xx 000 0 und d
041 _aeng
082 _a622.1828
100 _aRichardson, J.G.
110 _aSOCIETY OF PETROLEUM ENGINEER OF AIME
245 0 _aWATERFLOODING
250 _aS.E.
260 _aEstados Unidos
_bSOCIETY OF PETROLEUM ENGINEERS OF AIME
_c1973
260 _aHOUSTON
300 _a291
650 _aINGENIERIA PETROLERA
942 _c01
010 _a26596
999 _c214730
_d214730